000 00563nam a2200229Ia 4500
003 OSt
005 20220924141429.0
006 a|||||r|||| 00| 0
007 ta
008 220923b |||||||| |||| 00| 0 ben d
024 _a298208
037 _cTextual
040 _aARTS
_cARTS
_bben
041 _2ben
_aben
082 _aO157,6x, N4
100 _aBasu Ed.
_9205081
245 0 _aPrivab
_b Praboidha samkalan
260 _c1994
650 _aBENGALI LITERATURE
942 _hO157,6x, N4
_cTEXL
_2CC
999 _c447236
_d447236